A mathematical mosaic: (Record no. 29072)

MARC details
000 -LEADER
fixed length control field 00888nam a2200241 4500
005 - DATE AND TIME OF LATEST TRANSACTION
control field 2009081007067.0
008 - FIXED-LENGTH DATA ELEMENTS--GENERAL INFORMATION
fixed length control field 710915s1962 ohua 000 0 eng
010 ## - LCCN (DPL NO)
LC control number ENG-94696
020 ## - INTERNATIONAL STANDARD BOOK NUMBER
International Standard Book Number 9788189975555
Terms of availability 250.00
035 ## - SYSTEM CONTROL NUMBER
System control number EN-78229
037 ## - SOURCE OF ACQUISITION
Source of stock number/acquisition DBAD / PUB
040 ## - CATALOGING SOURCE
Original cataloging agency dpl
Language of cataloging English
082 ## - DEWEY DECIMAL CLASSIFICATION NUMBER
Classification number 510
100 ## - MAIN ENTRY--PERSONAL NAME
Personal name Vakil, Ravi
110 ## - MAIN ENTRY--CORPORATE NAME
Corporate name or jurisdiction name as entry element Cleveland Institute of Electronics.
245 ## - TITLE STATEMENT
Title A mathematical mosaic:
Statement of responsibility, etc by Ravi Vakil
Remainder of title patterns & problem solving /
260 ## - PUBLICATION, DISTRIBUTION, ETC. (IMPRINT)
Place of publication, distribution, etc New Delhi
Date of publication, distribution, etc Westland
Name of publisher, distributor, etc 2009
270 ## - ADDRESS
Address F-5, Okhla Industrial Area, Phase-I, Mezzanine Floor,
City New Delhi
Postal code 110020
300 ## - PHYSICAL DESCRIPTION
Extent 286p.:
Dimensions 24cm(pbk)
Other physical details ill.
500 ## - GENERAL NOTE
General note Includes references and index
942 ## - ADDED ENTRY ELEMENTS (KOHA)
Source of classification or shelving scheme Dewey Decimal Classification
Item type English Books
Call number suffix VAK
Classification part 510
Holdings
Withdrawn status Lost status Source of classification or shelving scheme Damaged status Not for loan Collection code Home library Current library Date acquired Source of acquisition Cost, normal purchase price Total Checkouts Full call number Barcode Date last seen Copy number Cost, replacement price Koha item type
    Dewey Decimal Classification   Not For Loan Non-fiction D.B.Act.Division D.B.Act.Division 10/08/2009 DBAD / PUB 250.00   510 VAK EN-78229 10/08/2009 1 250.00 English Books

© Delhi Public Library
Hit Counter
free hit counter